| 000 | 01223nam a2200313 a 4500 | ||
|---|---|---|---|
| 001 | 000113216 | ||
| 003 | CHAP | ||
| 005 | 20220329144344.0 | ||
| 008 | 170517s2017 mx a fsm |||||||spa d | ||
| 010 | _a109677 | ||
| 011 | _a110649 | ||
| 040 | _cCHAP | ||
| 090 | _aTesis | ||
| 100 | 1 |
_aMartínez Martínez, Atzintlali _9132259 |
|
| 245 | 1 | 0 |
_aIdentificación de hongos causantes de enfermedades foliares del Agave spp. en la región del Mezcal, Oaxaca / _h[En línea] _cpor Atzintlali Martínez Martínez. |
| 260 |
_aChapingo, Méx. : _bEl autor, _c2017. |
||
| 500 | _aPara ver el contenido del material haga clic en la liga | ||
| 502 | _aTesis (Ing. Agr. Esp. en Parasitología Agrícola) --UACH. Departamento de Parasitología Agrícola | ||
| 590 |
_aE8697GMM _b05 _c20170517 _lUCH01 _h1227 |
||
| 590 |
_aE8697GMM _b05 _c20170517 _lUCH01 _h1411 |
||
| 650 | 1 | 4 |
_aAgave _xEnfermedades por hongos. _9132260 |
| 650 | 1 | 4 |
_aAgave _xMejoramiento. _9130463 |
| 650 | 1 | 4 |
_aHongos fitopatógenos _xFisiología y morfología. _9126607 |
| 650 | 1 | 4 |
_aHongos fitopatógenos _xIdentificación. _9131720 |
| 856 |
_aFinding aid _uhttp://10.13.5.2/tesis/sist113216.pdf _zTeclea aquí |
||
| 901 | _aBK | ||
| 942 | _cTESIS | ||
| 942 | _n0 | ||
| 999 |
_c109677 _d109677 |
||